000 01435nam a2200409Ia 4500
003 GCL
008 140319s9999 xx 000 0 ara d
040 _aGCL /
_cGCL
082 0 4 _aق
_b953.08
_bع س
100 1 _aعصام محمد شبارو
245 1 0 _aالسلاطين فى المشرق العربى /
_cعصام محمد شبارو
260 _a[S.N] :
_bدار النهضة العربية ،
_c1994
300 _a264 ص
490 _a
650 0 4 _aمصر
650 0 4 _aالاحوال الاجتماعية
650 0 4 _aدولة المماليك
650 0 4 _aالحروب الصليبية
650 0 4 _aالاحوال الاقتصادية
650 0 4 _aالمماليك الجراكسة
650 0 4 _aالجيش المصرى
650 0 4 _aالحروب الصليبية فى فلسطين والشام
650 0 4 _aالقضاء فى الاسلام
650 0 4 _aالبحرية
650 0 4 _aالبحر الابيض المتوسط
650 0 4 _aالحضارة الاسلامية
650 0 4 _aالسلاطين
650 0 4 _aالمماليك البحرية
650 0 4 _aالفروسية
650 0 4 _aالمغول
650 0 4 _aمصائد الاسفينج
650 0 4 _aمعركة مرج دابق
650 0 4 _aالنظم الادارية
650 0 4 _aمعركة الريدانية
650 0 4 _aالعالم العربى - تاريخ - العصر العثمانى
942 _2ddc
_cBK
999 _c37229
_d37229